| 000 | 00777nam a2200253Ia 4500 | ||
|---|---|---|---|
| 003 | OSt | ||
| 005 | 20221005084223.0 | ||
| 006 | a|||||r|||| 00| 0 | ||
| 007 | ta | ||
| 008 | 221004b |||||||| |||| 00| 0 eng d | ||
| 024 | _a52830 | ||
| 037 | _cTextual | ||
| 040 |
_aCRL _cCRL _beng |
||
| 041 |
_2eng _aeng |
||
| 082 | _aT4.73'N9, M9 | ||
| 100 |
_aBowen William G _931545 |
||
| 245 | 0 |
_aProspects for faculty in the arts and science _b A study of factors affecting demand and supply 1987 to 2012 |
|
| 260 |
_aNew Jersey _bPriceton university press _c1989 |
||
| 300 |
_a225p _ccm. |
||
| 650 | _aHIGHER EDUCATION | ||
| 700 |
_a Sosa Julie Ann _9613144 |
||
| 942 |
_hT4.73'N9, M9 _cTEXL _2cc |
||
| 999 |
_c992211 _d992211 |
||